000 00948nam a2200217Ia 4500
001 11386
003 GE_BSU
008 181216s||||||||xx |||||||||||||| ||und||
040 _cGE_BSU
080 _a631.445.3(479.223)
100 _aლომინაძე შოთა, დოლიძე რუსუდან
245 _aშუახევის რაიონის ყომრალი ნიადაგები და მისი ინტენსიური გამოყენება
245 _cრედ: შაქრო ფალავანდიშვილი
260 _aბათუმი.
260 _bალიონი
260 _c2007
300 _a53გვ.20სმ.
300 _eცხრ.
653 _aშუახევის რაიონის ყომრალი ნიადაგები და მისი ინტენსიური გამოყენება
942 _cBK
999 _c44583
_d44583